000 01101cam a2200313 a 4500
942 _cBK
999 _c720
_d720
001 17083736
003 OSt
005 20250420134822.0
008 111214s2013 maua 001 0 eng
010 _a 2011945466
020 _a9781133626381
040 _aDLC
_cKCST
_dDLC
042 _apcc
050 0 0 _aQA76.73.C153
_bM268 2013
082 0 0 _a005.133
_223
_bMa Cp
100 1 _aMalik, D. S.
_95427
245 1 0 _aC++ programming : from problem analysis to program design /
_cD.S. Malik.
246 3 _aC plus plus programming.
250 _a6th ed.
260 _aBoston, MA :
_bCengage Learning,
_cc2013.
300 _axli, 1398 p. :
_bcol. ill. ;
_c23 cm.
500 _aIncludes index.
650 0 _aC++ (Computer program language)
_9162
856 4 2 _3Contributor biographical information
_uhttp://www.loc.gov/catdir/enhancements/fy1303/2011945466-b.html
856 4 2 _3Publisher description
_uhttp://www.loc.gov/catdir/enhancements/fy1303/2011945466-d.html
856 4 1 _3Table of contents only
_uhttp://www.loc.gov/catdir/enhancements/fy1303/2011945466-t.html
942 _2ddc